000 00683nam a2200229 a 4500
999 _c1341
_d1341
001 1341
003 BD-JhCC
005 20171021103822.0
008 171018s1999 bg |||| ||a| 000 0 ben d
020 _a9845552013
035 _a(BD-JhCC)1341
040 _aBD-JhCC
_dBD-JhCC
041 _aben
082 _a891.4409
_bCHD 1999
100 _aচৌধুরী, মোমেন
245 _aনজরুল সাহিত্য /
_c মোমেন চৌধুরী
260 _aঢাকা :
_bনজরুল ইন্সটিটিউট,
_c১৯৯৯.
300 _a366 p. :
_c22 cm.
650 _aBengali Literature
_xLiterature
942 _2ddc
_cBK